00410nam a2200133Ia 4500008004100000082001500041100003100056245006700087260003900154300001400193520001100207650003200218700002600250230907s9999||||xx |||||||||||||| ||und|| a620.1bUSM aUsman Khalid (00000277109) 0aCombustion Behaviour Analysis of Coal and Biomass ash Blends / aUSPCAS-E, NUST,bIslamabad :c2022 axi, 46 p. aTH-413 aMS-TEE Thesis MS-EEP Thesis aDr Asif Hussain Khoja